| 000 | 00759nam a22002177a 4500 | ||
|---|---|---|---|
| 999 |
_c13199 _d13199 |
||
| 003 | AR-CdUCM | ||
| 008 | 190411b ||||| |||| 00| 0 spa d | ||
| 020 | _a978-958-30-4649-0 | ||
| 040 |
_aMUNICIPALIDAD PROVINCIAL DEL CUSCO _cBIBLIOTECA MUNICIPAL DEL CUSCO |
||
| 082 |
_aEP / 372 / _bD77 |
||
| 110 |
_aEditorial panamericana. _931447 |
||
| 245 |
_a¿Dime por qué? : _bLas grandes preguntas de los pequeños / |
||
| 260 |
_aColombia : _bPanamericana _c2012. |
||
| 300 |
_a127 páginas ; _c24 cm. |
||
| 505 | _aContenido :Yo -- Mi familia -- Así es la vida -- El mundo gira y gira ... | ||
| 650 |
_aPreguntas capciosas _931448 |
||
| 650 |
_aEl por qué _931449 |
||
| 700 |
_aCamacho, Ernesto. _931450 |
||
| 942 |
_2ddc _cLIBROS |
||
| 945 |
_arum _d2019-04-11 |
||